Oscilatorickosť riešení diferenciálnej rovnice s predbiehajúcim argumentom

Bibliographic Details
Main Authors: Hrubinová, Anna (Author), Šoltés, Vincent, 1949- (Author)
Format: Article
Language:Slovak
PhysicalDescription:Res. slov., angl., rus., lit. 2 zázn. v angl., ruš.
Subjects:

MARC

LEADER 00000nab a2200000 a 4500
001 vtls000418550
003 SK-MaSNL
005 20260304013317.0
008 120925c1989 xo 0 slo
015 |a SNBRA19rr/mm-uuuuu 
035 |a CL0418675 
040 |a SNKBUCL  |b slo  |c SNKBUCL  |e AACR2 
041 0 |a slo 
044 |a xo  |c SK 
080 |a 517.95  |2 1981 
100 1 |a Hrubinová, Anna  |4 aut  |9 923037 
245 1 0 |a Oscilatorickosť riešení diferenciálnej rovnice s predbiehajúcim argumentom  |c Anna Hrubinová, Vincent Šoltés 
300 |b Res. slov., angl., rus., lit. 2 zázn. v angl., ruš. 
650 0 7 |a diferenciálne rovnice  |2 snkbucl  |9 63334 
655 7 |a články zo zborníkov  |2 snkbucl  |9 166140 
700 1 |a Šoltés, Vincent,  |d 1949-  |4 aut  |9 85946 
773 0 |t Zborník vedeckých prác Vysokej školy technickej v Košiciach 1989/1  |d Bratislava : Alfa, 1989  |g S. 17-22 
850 |a Slovenská národná knižnica v Martine  |a MTA001 
852 |a SNK  |b KIS3GCP 
958 |a RK 
992 |a RZB 
999 |c 2575262  |d 2577192